Současný výzkum psychoterapie /

Hlavní autor: Timuľák, Ladislav
Jazyk: Čeština
Vydáno: V Praze : Triton, 2005
Vydání: 1. vyd.
Edice: Psyché (Triton)
Témata:
Fyzický popis: 280 s. : il. ; 21 cm
Knihy
Uloženo v:
LEADER 01452nam a2200409 a 4500
001 nkc20051583340
003 CZ PrNK
005 20180615092206.0
007 ta
008 050923s2005 xr a f 001 0 cze
015 |a cnb001583340 
020 |a 80-7254-707-0  |q (váz.) 
035 |a (OCoLC)85162974 
040 |a BOA001  |b cze  |d ABA001 
041 1 |a cze  |h slo 
072 7 |a 615.8  |x Fyzioterapie. Psychoterapie. Alternativní lékařství  |2 Konspekt  |9 14 
080 |a 615.851  |2 MRF 
080 |a (048.8)  |2 MRF 
100 1 |a Timuľák, Ladislav  |7 mzk2005304349  |4 aut 
245 1 0 |a Současný výzkum psychoterapie /  |c Ladislav Timuľák ; [ze slovenského originálu ... přeložil Michal Ivanovský] 
250 |a 1. vyd. 
260 |a V Praze :  |b Triton,  |c 2005 
300 |a 280 s. :  |b il. ;  |c 21 cm 
490 1 |a Psyché ;  |v sv. 31 
504 |a Obsahuje bibliografii a rejstřík 
650 0 7 |a psychoterapie  |7 ph115954  |2 czenas 
650 0 9 |a psychotherapy  |2 eczenas 
655 7 |a monografie  |7 fd132842  |2 czenas 
655 9 |a monographs  |2 eczenas 
765 0 |t Súčasný výskum psychoterapie  |9 Česky 
830 0 |a Psyché (Triton)  |0 s 
910 2 |a BOA001  |b 2-1158.373 
990 |a BK 
995 |a 01 
991 |b 200510  |c NOV 
996 6 |b 2610260515  |c 2-1158.373  |l MZK  |r Sklad / do 1 hodiny  |n 5  |p p.v.  |w 000790813  |u 000010  |a 1  |e BOA001  |j MZK50  |s P 
996 7 |b 2610260735  |c 2-1158.373  |l MZK  |r Sklad / do 1 hodiny  |n 34  |p kup  |w 000790813  |u 000020  |a 1  |e BOA001  |j MZK50  |s A